<?xml version="1.0" encoding="UTF-8"?>
<collection xmlns="http://www.loc.gov/MARC21/slim">
 <record>
  <leader>01772nab a2200265 i 4500</leader>
  <controlfield tag="001">acta81711</controlfield>
  <controlfield tag="005">20230925135631.0</controlfield>
  <controlfield tag="008">230925s1956    hu      o     0||   hun d</controlfield>
  <datafield tag="040" ind1=" " ind2=" ">
   <subfield code="a">SZTE Egyetemi Kiadványok Repozitórium</subfield>
   <subfield code="b">hun</subfield>
  </datafield>
  <datafield tag="041" ind1=" " ind2=" ">
   <subfield code="a">hun</subfield>
  </datafield>
  <datafield tag="041" ind1=" " ind2=" ">
   <subfield code="a">eng</subfield>
  </datafield>
  <datafield tag="041" ind1=" " ind2=" ">
   <subfield code="a">ger</subfield>
  </datafield>
  <datafield tag="041" ind1=" " ind2=" ">
   <subfield code="a">fre</subfield>
  </datafield>
  <datafield tag="041" ind1=" " ind2=" ">
   <subfield code="a">rus</subfield>
  </datafield>
  <datafield tag="100" ind1="1" ind2=" ">
   <subfield code="a">Korpáczy István</subfield>
  </datafield>
  <datafield tag="245" ind1="1" ind2="0">
   <subfield code="a">Sütemények zsírtartalmának meghatározása</subfield>
   <subfield code="h">[elektronikus dokumentum] /</subfield>
   <subfield code="c"> Korpáczy István</subfield>
  </datafield>
  <datafield tag="260" ind1=" " ind2=" ">
   <subfield code="c">1956</subfield>
  </datafield>
  <datafield tag="300" ind1=" " ind2=" ">
   <subfield code="a">205-207</subfield>
  </datafield>
  <datafield tag="490" ind1="0" ind2=" ">
   <subfield code="a">Élelmiszervizsgálati közlemények</subfield>
   <subfield code="v">2 No. 4</subfield>
  </datafield>
  <datafield tag="520" ind1="3" ind2=" ">
   <subfield code="a">Szerző Schloemer és Rauch módszerét ismerteti zsiradékok felhasználásával készült sütemények zsírtartalmának pontos meghatározására, kisebb apparativ módosítással. Der Verfasser beschreibt die Methode von Schloemer und Rauch zur genauen Bestimmung des Fettgehaltes von mit F'ett bereitetem Gebäck sowie eine kleinere apparative Modifikation. Author describes the method of Schloemer and Rauch for estimating th e precise co n ten t of fa t in b a k e r’s an d co n d ito r’s p ro d u cts to g eth er with his own slight modifications in the apparatus and used quantities. L ’a u te u r rend com pte de la m éth o d e de Schloem er et R au ch pour la détermination exacte de la teneur en graisse dans les gáteaux préparés avec graisse et il fait connaitre certaines modifications techniques.</subfield>
  </datafield>
  <datafield tag="650" ind1=" " ind2="4">
   <subfield code="a">Műszaki és technológiai tudományok</subfield>
  </datafield>
  <datafield tag="650" ind1=" " ind2="4">
   <subfield code="a">Egyéb műszaki tudományok és technológiák</subfield>
  </datafield>
  <datafield tag="650" ind1=" " ind2="4">
   <subfield code="a">Élelmiszer és italfélék</subfield>
  </datafield>
  <datafield tag="695" ind1=" " ind2=" ">
   <subfield code="a">Élelmiszervizsgálat - analitikai kémia - módszer, Élelmiszerkémia - módszer</subfield>
  </datafield>
  <datafield tag="856" ind1="4" ind2="0">
   <subfield code="u">http://acta.bibl.u-szeged.hu/81711/1/elelmiszervizsgalati_kozlemenyek_1956_04_205-207.pdf</subfield>
   <subfield code="z">Dokumentum-elérés </subfield>
  </datafield>
 </record>
</collection>
